| 000 | 00641nam a22001817a 4500 | ||
|---|---|---|---|
| 003 | UA-OsUOA | ||
| 001 | 20078 | ||
| 007 | ta | ||
| 008 | 20041023b un ||||| |||| 00| 0 ukr d | ||
| 100 | _aБлащук В. | ||
| 942 | _cSA | ||
| 040 |
_aUA-OsUOA _cUA-OsUOA _dUA-OsUOA |
||
| 245 |
_aПам'яті славетного земляка _b[До 100-річчя від дня народж. патріота, письм., земляка М. Островського] |
||
| 300 | _aС.7 | ||
| 955 | _a0 | ||
| 773 | 0 |
_w0 _tРівненський діалог _dРівне _d2004 _g№42/1 жовт./ |
|
| 650 | 7 |
_aКраєзнавча робота _2UDC |
|
| 999 |
_c306251 _d306251 |
||